00398nam a2200097Ia 45000010005000000080041000050820025000461000062000712450070001332600097002032985241024s9999 xx 000 0 und d aRD/375.07/R426p/2013 aRepública Dominicana. Ministerio de Educación, MINERD 0aProceso de revisión curricular. Síntesis general y resultados bViceministerio de Servicios Técnicos Pedagógicos. Dirección General de Curriculoc2013